| 000 | 00862nam a2200241Ia 4500 | ||
|---|---|---|---|
| 003 | CO-CtgCURN | ||
| 005 | 20250410210424.0 | ||
| 008 | 190726s2004 xx g 000 0 spa d | ||
| 020 | _a8484037010 | ||
| 040 |
_aCO-CtgCURN _bspa _ccoctgcurn |
||
| 082 |
_a842.4 _bM721o |
||
| 100 |
_aMoliere _93642 |
||
| 245 | 0 |
_aObras Selectas / _cMoliere; traducción., Carmelo Sanchez Castro; prólogo., Francisco Caudet Yarza |
|
| 260 |
_aEspaña : _bEdimat libros, _c2004 |
||
| 300 |
_a425 páginas ; _c23 centímetros |
||
| 521 | _aAREA BASICA | ||
| 590 | _aTodos los programas acádemicos | ||
| 650 |
_aTeatro francés _93643 |
||
| 700 |
_aCaudet Yarza, Francisco _eprólogo _93644 |
||
| 942 |
_cBK _h842.4 _iM721o _2ddc _n0 |
||
| 999 |
_c30354 _d30354 |
||